000 00477nam a2200181Ia 4500
003 STCL
008 221019s9999 xx 000 0 und d
020 _a9789384294816
040 _aSTCL
_cSTCL
_bEN
082 _222
100 _aMitra, Asok Kumar
245 0 _aReactions, reagents and synthesis in organic chemistry: through solved problems
260 _bBooks and Allied
_aKolkata
_c2016
300 _a398 p
365 _b295
546 _aEnglish
942 _cBK
_2DDC
_e22
999 _c87499
_d87499